书目信息 |
| 题名: |
仲裁法学
|
|
| 作者: | 黄进 著 ;司法部法学教材编辑部 编审 | |
| 分册: | ||
| 出版信息: | 北京 中国政法大学出版社 2002 |
|
| 页数: | 233页 | |
| 开本: | 23cm | |
| 丛书名: | ||
| 单 册: | ||
| 中图分类: | D915.201 | |
| 科图分类: | ||
| 主题词: | 法学--部门 | |
| 电子资源: | ||
| ISBN: | 7-5620-1587-2 | |
| 000 | 00719nam0 2200217 450 | |
| 001 | 0762848349 | |
| 005 | 20070716150621.10 | |
| 010 | @a7-5620-1587-2@dCNY14.00 | |
| 100 | @a20070715d2002 km y0chiy0120 ea | |
| 101 | 0 | @achi |
| 102 | @aCN@b110000 | |
| 200 | 1 | @a仲裁法学@Azhong cai fa xue@f黄进等著@Fhuang jin deng zhu@g司法部法学教材编辑部编审@Gsi fa bu fa xue jiao cai bian ji bu bian shen |
| 210 | @a北京@c中国政法大学出版社@d2002 | |
| 215 | @a233页@d23cm | |
| 300 | @a高等政法院校规划教材 | |
| 606 | 0 | @a法学@x部门 |
| 690 | @aD915.201@v3 | |
| 701 | 0 | @a黄进@Ahuang jin@4著 |
| 712 | 02 | @a司法部法学教材编辑部@Asi fa bu fa xue jiao cai bian ji bu@4编审 |
| 801 | 0 | @aCN@bPFT@c20070716 |
| 905 | @a10447@dD915.201@e354 | |
| 仲裁法学/黄进等著/司法部法学教材编辑部编审.-北京:中国政法大学出版社,2002 |
| 233页;23cm |
| 高等政法院校规划教材 |
| ISBN 7-5620-1587-2:CNY14.00 |
| ● |
| 相关链接 |
|
|
|
|
正题名:仲裁法学
索取号:D915.201/354
 
预约/预借
| 序号 | 登录号 | 条形码 | 馆藏地/架位号 | 状态 | 备注 |
| 1 | 0778014 | 207780141 | 第一样本阅览室/ [索取号:D915.201/354] | 在馆 |